JR西日本 運輸取扱収入TOP50 - Statistics

General Stats
  • This quiz has been taken 270 times
  • The average score is 36 of 50
Answer Stats
Hint Answer % Correct
13602 大阪
99%
8714 京都
98%
14981 新大阪
96%
15253 広島
95%
3476 天王寺
95%
11835 岡山
92%
5855 姫路
92%
3757 三ノ宮
90%
1240 神戸
90%
975 奈良
89%
12117 博多
88%
1491 和歌山
88%
4710 福山
86%
2168 西明石
86%
2149 高槻
85%
1137 尼崎
84%
4871 小倉
83%
2439 京橋
83%
1704 明石
83%
2936 新山口
82%
1345 草津
80%
1280 倉敷
80%
1263 鶴橋
79%
1093 新今宮
75%
1434 加古川
74%
7713 新神戸
71%
3591 関西空港
71%
1423 茨木
71%
785 三原
71%
1125 山科
70%
921 芦屋
70%
754 西宮
70%
898 新下関
69%
5688 金沢
68%
2142 徳山
67%
722 鳥取
66%
951 新倉敷
63%
2342 福井
62%
821 南草津
61%
2982 富山
59%
757 王寺
58%
903 ユニバーサルシティ
56%
1017 北新地
48%
1136 新高岡
44%
832 住吉
43%
869 JR難波
42%
726 小松
40%
741 六甲道
35%
859 垂水
28%
773 近江八幡
26%
No matching quizzes found
Score Distribution
Percent of People with Each Score
Percentile by Number Answered
Your Score History
You have not taken this quiz